Cenozoic mammals of land and sea (Record no. 1008250)

MARC details
000 -LEADER
fixed length control field 00738nam a2200241Ia 4500
003 - CONTROL NUMBER IDENTIFIER
control field OSt
005 - DATE AND TIME OF LATEST TRANSACTION
control field 20221005102328.0
008 - FIXED-LENGTH DATA ELEMENTS--GENERAL INFORMATION
fixed length control field 221004b |||||||| |||| 00| 0 eng d
037 ## - SOURCE OF ACQUISITION
Terms of availability Textual
040 ## - CATALOGING SOURCE
Original cataloging agency CRL
Transcribing agency CRL
Language of cataloging eng
041 ## - LANGUAGE CODE
Source of code eng
Language code of text/sound track or separate title eng
245 #0 - TITLE STATEMENT
Title Cenozoic mammals of land and sea
Remainder of title Tributes to the career of Clayton E. Ray Ed by Robert J. Emry
260 ## - PUBLICATION, DISTRIBUTION, ETC.
Place of publication, distribution, etc. Washigton
Name of publisher, distributor, etc. Smithsonian Institution Press
Date of publication, distribution, etc. 2002
300 ## - PHYSICAL DESCRIPTION
Extent 372p.
Dimensions cm.
650 ## - SUBJECT ADDED ENTRY--TOPICAL TERM
Topical term or geographic name entry element MINES AND MINERAL RESOURCES
9 (RLIN) 20940
650 ## - SUBJECT ADDED ENTRY--TOPICAL TERM
Topical term or geographic name entry element PALEONTOLOGY
9 (RLIN) 200036
942 ## - ADDED ENTRY ELEMENTS (KOHA)
Classification part H697.1.A54jN33, P02
Koha item type Textual
Source of classification or shelving scheme
Holdings
Withdrawn status Lost status Damaged status Not for loan Home library Current library Date acquired Total Checkouts Full call number Barcode Date last seen Price effective from Koha item type
        Central Library Central Library 2022-10-05   H697.1.A54jN33 P02 CL1237327 2022-10-05 2022-10-05 Textual
Copyright @ Delhi University Library System